000 00478nam a2200193Ia 4500
005 20250326141359.0
008 250326s9999 xx 000 0 und d
037 _aTextbook
040 _aFMSL
_beng
_cFMSL
041 _aeng
_2eng
084 _qFMSL
100 _aRobbins Stephen P
245 0 _aManagement
_cRobbins Stephen P
250 _a3rd
260 _aEnglewood
_bEnglewood, Prentice Hall
_c1991
300 _a732p
942 _cTB
999 _c1290033
_d1290033